La carrera administrativa y los regímenes especiales y específicos : (Registro nro. 28416)

Detalles MARC
000 -LEADER
fixed length control field 02387nam a2200289Ia 4500
003 - CONTROL NUMBER IDENTIFIER
control field CO-CtgCURN
005 - DATE AND TIME OF LATEST TRANSACTION
control field 20250904221222.0
008 - FIXED-LENGTH DATA ELEMENTS--GENERAL INFORMATION
fixed length control field 190722s2005 xx 000 0 und d
020 ## - INTERNATIONAL STANDARD BOOK NUMBER
International Standard Book Number 9586907570
040 ## - CATALOGING SOURCE
Original cataloging agency CO-CtgCURN
Language of cataloging spa
Transcribing agency coctgcurn
082 ## - DEWEY DECIMAL CLASSIFICATION NUMBER
Classification number 342.068
Item number M539c
100 ## - MAIN ENTRY--PERSONAL NAME
Personal name Mendoza Vergara, Luis Eduardo
Relator term autor
245 #0 - TITLE STATEMENT
Title La carrera administrativa y los regímenes especiales y específicos :
Remainder of title conforme con la Ley 909 de 2004 : compilado, concordado y anotado /
Statement of responsibility, etc. Luis Eduardo Mendoza Vergara
250 ## - EDITION STATEMENT
Edition statement 8 edición
260 ## - PUBLICATION, DISTRIBUTION, ETC.
Place of publication, distribution, etc. Bogotá, Colombia :
Name of publisher, distributor, etc. Leyer,
Date of publication, distribution, etc. 2005
300 ## - PHYSICAL DESCRIPTION
Extent 444 páginas ;
Dimensions 23 centímetros
490 ## - SERIES STATEMENT
Series statement Brevis
500 ## - GENERAL NOTE
General note Incluye introducción e índice
505 ## - FORMATTED CONTENTS NOTE
Formatted contents note Pte. I. Régimen general de carrera administrativa -- Título 1. Objeto de la Ley -- Cap. 1. Objeto, ámbito de aplicación y principios -- Cap. 2. Clasificación de los empleos públicos -- Título 2. De la comisión nacional del servicio civil y de los órganos de dirección y gestión del empleo público y la gerencia pública -- Cap. 1. De la comisión nacional del servicio civil -- Cap. 2. Órganos de dirección y gestión del empleo público y la gerencia pública -- Cap. 3. Instrumentos de ordenación del empleo público -- Título 3. Estructura del empleo público -- Título 4. Del ingreso y el ascenso al empleo público -- Título 5. el ingreso y el ascenso a los empleos de carrera -- Cap. 1. procesos de selección o concursos -- Cap. 2. Del registro publico de carrera administrativa -- Título 6. De la capacitación y de la evaluación del desempeño -- Cap. 1. La capacitación de los empleados públicos -- Cap. 2. De los principios que orientan la permanencia en el servicio y de la evaluación del desempeño -- Título 7. Retiro de los empleados públicos -- Título 8. De lo principios de la gerencia pública en la administración -- Título 9. De las disposiciones generales -- Título 10. De las disposiciones transitorias -- Pte. II. Regulación especial y específica de carrera administrativa.
521 ## - TARGET AUDIENCE NOTE
Target audience note AREA PROFESIONAL
590 ## - LOCAL NOTE (RLIN)
Local note Programa de Derecho_18
630 04 - SUBJECT ADDED ENTRY--UNIFORM TITLE
Uniform title Ley 909 de 2004
Geographic subdivision Colombia
650 ## - SUBJECT ADDED ENTRY--TOPICAL TERM
Topical term or geographic name entry element Carrera administrativa
Geographic subdivision Colombia
650 ## - SUBJECT ADDED ENTRY--TOPICAL TERM
Topical term or geographic name entry element Funcionarios públicos
Geographic subdivision Colombia
942 ## - ADDED ENTRY ELEMENTS (KOHA)
Koha item type Libros
Classification part 342.068
Item part M539c
Source of classification or shelving scheme Dewey Decimal Classification
Suppress in OPAC No
Existencias
Withdrawn status Lost status Source of classification or shelving scheme Damaged status Not for loan Collection Home library Current library Shelving location Date acquired Inventory number Total checkouts Full call number Barcode Date last seen Copy number Price effective from Koha item type
    Dewey Decimal Classification     General Miguel Henríquez Castañeda Barranquilla Miguel Henríquez Castañeda Barranquilla General 05/23/2018 03131   342.068 M539c 03131 07/22/2019 ej.1 07/22/2019 Libros